Vương triều cuối cùng

محفوظ في:
التفاصيل البيبلوغرافية
التنسيق: كتاب
اللغة:Undetermined
منشور في: Hà Nội Văn hóa-Thông tin 2007
الموضوعات:
الوسوم: إضافة وسم
لا توجد وسوم, كن أول من يضع وسما على هذه التسجيلة!
Thư viện lưu trữ: Trung tâm Học liệu Trường Đại học Cần Thơ
LEADER 00545nam a2200193Ia 4500
001 CTU_127980
008 210402s9999 xx 000 0 und d
020 |c 28000 
082 |a 920.0597 
082 |b V561 
245 0 |a Vương triều cuối cùng 
245 0 |c Phạm Minh Thảo (biên soạn) 
260 |a Hà Nội 
260 |b Văn hóa-Thông tin 
260 |c 2007 
650 |a Names personal,Vietnam history 
650 |x Biography 
904 |i Tuyến 
980 |a Trung tâm Học liệu Trường Đại học Cần Thơ